| 000 | 00760nam a22002177a 4500 | ||
|---|---|---|---|
| 003 | OSt | ||
| 005 | 20130515092453.0 | ||
| 008 | 130514s1998 sp ||||| |||| 00| 0 spa d | ||
| 020 | _a8481829609 | ||
| 040 | _cCDMR | ||
| 100 | 1 |
_93428 _aBayo, Eliseo _d1939- |
|
| 245 | 1 | 0 |
_aEstrictamente prohibido _b: reportajes censurados y otros retratos de la España negra _cEliseo Bayo |
| 260 |
_aBarcelona _bPrensa Ibérica _cDL 1998 |
||
| 300 | _a300 p. | ||
| 490 | 0 |
_aClásicos de la Prensa _v3 |
|
| 500 | _aTítol a la coberta: Estrictamente Prohibido, reportajes censurados y otros relatos de la España negra | ||
| 600 | 1 |
_93428 _aBayo, Eliseo _d1939- _vRecull d'escrits |
|
| 650 | 0 | 4 |
_91582 _aLlibertat d'impremta _zEspanya |
| 650 | 0 | 4 |
_92723 _aCensura |
| 942 |
_2udc _cMON |
||
| 999 |
_c6248 _d6248 |
||